The letter of St. Paul: (Record no. 407)

000 -LEADER
fixed length control field 00698nam a2200181 a 4500
001 - CONTROL NUMBER
control field :::00013561$&:&@@
003 - CONTROL NUMBER IDENTIFIER
control field OkBaRHE
005 - DATE AND TIME OF LATEST TRANSACTION
control field 20100324115844.0
008 - FIXED-LENGTH DATA ELEMENTS--GENERAL INFORMATION
fixed length control field s1951 j 000 0 eng u
040 ## - CATALOGING SOURCE
Transcribing agency
100 1# - MAIN ENTRY--PERSONAL NAME
Personal name Way, Arthur S. (Arthur Sanders), 1847-1930.
245 14 - TITLE STATEMENT
Title The letter of St. Paul:
Remainder of title to seven churches and three friends with the letter to the Hebrews.
260 ## - PUBLICATION, DISTRIBUTION, ETC. (IMPRINT)
Place of publication, distribution, etc London, UK:EN., :
Name of publisher, distributor, etc Marshall, Morgan & Scott, Ltd.
Date of publication, distribution, etc 1951
300 ## - PHYSICAL DESCRIPTION
Extent 228 p. ;
Dimensions 20 cm.
650 ## - SUBJECT ADDED ENTRY--TOPICAL TERM
Topical term or geographic name as entry element Bible New Testament Epistle of Paul
General subdivision Introductions
942 ## - ADDED ENTRY ELEMENTS (KOHA)
Source of classification or shelving scheme
Koha item type Books
Copies
Barcode Koha item type Lost status Price effective from Withdrawn status Full call number Damaged status Not for loan Copy number Permanent Location Date last seen Date acquired Source of classification or shelving scheme Shelving location Collection code
13561Books 2010-04-14 BS 2643 .W3  1RHEMA Bible Training College2018-03-272010-04-14 General StacksReference